| 000 | 00473nam a22001817a 4500 | ||
|---|---|---|---|
| 003 | KOHA_MİRAKIL | ||
| 005 | 20251224171057.0 | ||
| 008 | 251224b tu ||||| |||| 00| 0 tur d | ||
| 020 | _a9786051365589 | ||
| 040 |
_aTR-AnABB _btur _cTR-AnABB |
||
| 041 | _atur | ||
| 082 |
_a915.2 _bAPA 2021 |
||
| 245 | 1 | 0 | _aAPAM Japonya çalışmaları / |
| 260 |
_aAnkara : _bAnkara üniversitesi, _c2021 |
||
| 300 |
_a375 sayfa ; _c24 cm |
||
| 650 | 0 | 4 | _aJaponya |
| 942 |
_2ddc _cBK |
||
| 999 |
_c9982 _d9982 |
||
| 900 | _bGizem YORULMAZ | ||